Statistics for Demographics of Brisbane 2021 - People born overseas by region

Click here to take the quiz!

General Stats

  • This quiz has been taken 13 times
  • The average score is 8 of 9

Answer Stats

Answer% Correct
China
100%
New Zealand
100%
Philippines
100%
United Kingdom
100%
Vietnam
100%
India
91%
South Africa
82%
Germany
64%
Taiwan
45%

Score Distribution

Percentile by Number Answered

Percent of People with Each Score

Your Score History

You have not taken this quiz